Biggest Peninsulas by Country - Statistics

General Stats
  • This quiz has been taken 25 times
  • The average score is 13 of 36
Answer Stats
Country Peninsula % Correct
Egypt Sinai
92%
France Brittany
88%
Denmark Jutland
83%
Mexico Baja California
79%
Mexico Yucatan
79%
Ukraine Crimea
75%
United States Florida
75%
Turkey Anatolia
71%
Portugal Iberian
63%
Vietnam Indochina
63%
Qatar Qatar
58%
Djibouti Horn of Africa
54%
Italy Italian
54%
Russia Kamchatka
54%
Qatar Arabian
50%
Australia Cape York
50%
Croatia Balkan
42%
Canada Labrador
42%
Italy Calabria
33%
Croatia Istrian
33%
Greece Peloponnese
33%
Turkey Thrace
13%
Australia Eyre
8%
Italy Salento
8%
Australia Yorke
8%
Colombia La Guajira
4%
Canada Melville
4%
Norway Scandanavia
4%
Iceland Snæfellsnes
4%
Russia Taymyr
4%
Canada Ungava
4%
Greece Chalkidiki
0%
Russia Chukchi
0%
Norway Finnmark
0%
Iceland Vestfirðir
0%
Russia Yamal
0%
No matching quizzes found
Score Distribution
Percent of People with Each Score
Percentile by Number Answered
Your Score History
You have not taken this quiz